00263nam a22000977a 4500082001700000100001800017245003300035260006200068300000800130650002700138 a261.8362 FRA aFrancis, Pope aLaudato Si: Praise be to you aTrivandrum, KeralabCarmel International Publishing House a200 aEcology & Christianity